| 000 | 00503cam a22002051 4500 | ||
|---|---|---|---|
| 001 | sa 65003886 | ||
| 003 | DLC | ||
| 005 | 20260227112126.0 | ||
| 008 | 890227s1964 xx 000 0 ben | ||
| 010 | _asa 65003886 | ||
| 035 | _a(OCoLC)23578335 | ||
| 040 |
_aDLC _cMiU _dOCoLC _dDLC |
||
| 042 | _apremarc | ||
| 050 | 0 | 0 |
_aPK1718.T24 _bA6 1964 |
| 100 | 1 |
_aTagore, Rabindranath, _d1861-1941 |
|
| 245 | 1 | 0 | _aDīpikā. |
| 260 | _c[1964] | ||
| 300 |
_a9, 631 p. _bport. _c22 cm. |
||
| 500 | _aIn Bengali. | ||
| 999 |
_c63411 _d63411 |
||